marguerite - Paroles crash test - Statistiques

Statistiques générales
  • Ce quiz a été pris 19 fois
  • Le résultat moyen est 197 sur 303
Statistiques - réponses
Hint Réponse % Correct
a
90%
À
90%
à
90%
D’
90%
d'
90%
d’
90%
de
90%
De
90%
et
90%
J’
90%
j’
90%
l’
90%
m’
90%
qu’
90%
s’
90%
t’
90%
ai
80%
amour
80%
c’
80%
C’
80%
Refrain Deuxième
80%
Refrain Premier
80%
fort
80%
il
80%
Il
80%
la
80%
le
80%
les
80%
Mon
80%
mon
80%
pas
80%
Pas
80%
premier
80%
si
80%
43
70%
aah
70%
ah
70%
aime"
70%
au
70%
bras,
70%
est
70%
étouffait
70%
fête
70%
fumée
70%
habillée
70%
Je
70%
je
70%
"je
70%
kilos
70%
me
70%
moi,
70%
Moi
70%
plus
70%
pour
70%
prends
70%
tout
70%
toute
70%
un
70%
veux
70%
17
60%
aimer
60%
Allô
60%
ans
60%
autre
60%
crash
60%
creux
60%
dans
60%
défoncer
60%
Refrain Dernier
60%
dur
60%
faire
60%
faire,
60%
feu
60%
flammes
60%
fluo,
60%
freins
60%
gilet
60%
ma
60%
n’
60%
oh
60%
pompiers
60%
réparer
60%
rien
60%
rien,
60%
sans
60%
Sans
60%
ses
60%
test
60%
tête
60%
trop
60%
veut
60%
vitesse
60%
vois
60%
aimerai
50%
Alors
50%
appui
50%
avant
50%
brûlée
50%
chaleur
50%
cœur
50%
combien
50%
comme
50%
corps
50%
cramé
50%
croyais
50%
découpé
50%
demande
50%
des
50%
détresse
50%
deuxième
50%
Couplet 2 Cabossée
50%
Couplet 1 Terre
50%
encore
50%
envoyer
50%
essayer
50%
être
50%
fermé
50%
feux
50%
fois,
50%
jeunesse
50%
joie,
50%
loin,
50%
lourd
50%
Mais
50%
mort
50%
perds
50%
peu
50%
pis
50%
porte,
50%
recousu
50%
regarder
50%
reste
50%
serrait
50%
Tant
50%
tendresse
50%
une
50%
vies
50%
attends
40%
caresse
40%
Couplet 3 Persister
40%
Exister
40%
garde
40%
grandir
40%
impact
40%
lendemain,
40%
Merci
40%
moins
40%
ni
40%
partager
40%
passager
40%
pavé
40%
piger
40%
prochain
40%
sentais
40%
tourner
40%
dire,
30%
facile
30%
Fait
30%
jusqu’
30%
mes
30%
Respirer
30%
s'ra
30%
sur
30%
tours
30%
trouver
30%
passer
20%
sens
20%
Aucun quiz correspondant
Distribution des résultats
% des personnes avec chaque résultat
Percentile par nombre de réponses
Votre historique - résultats
Vous n’avez pas pris ce quiz